| 000 | 00576nam a2200181Ia 4500 | ||
|---|---|---|---|
| 003 | GCL | ||
| 008 | 140319s9999 xx 000 0 ara d | ||
| 040 |
_aGCL / _cGCL |
||
| 082 | 0 | 4 |
_a213 _bع ع |
| 100 | 1 | _aعلى عبدالحليم محمود | |
| 245 | 1 | 0 |
_aعالمية الدعوة الاسلامية, ط4 / _cعلى عبدالحليم محمود |
| 260 |
_a[S.N] : _bدار الوفاء للطباعة والنشر والتوزيع ، _c1992 |
||
| 300 | _a922 | ||
| 490 | _a | ||
| 650 | 0 | 4 | _aالاسلام |
| 650 | 0 | 4 | _aانتشار الاسلام |
| 942 |
_2ddc _cBK |
||
| 999 |
_c42241 _d42241 |
||